Top 20 Lowest Education Indices - Statistics

General Stats
  • This quiz has been taken 50 times
  • The average score is 14 of 20
Answer Stats
Education Index Country % Correct
0.297 South Sudan
88%
0.318 Sudan
88%
0.312 Mali
85%
0.206 Niger
85%
0.267 Eritrea
75%
0.262 Burkina Faso
73%
0.280 Chad
73%
0.358 Gambia
73%
0.338 Central African Republic
71%
0.330 Guinea
71%
0.355 Senegal
71%
0.398 Afghanistan
69%
0.395 Burundi
67%
0.318 Ethiopia
67%
0.377 Mauritania
67%
0.353 Guinea-Bissau
63%
0.374 Sierra Leone
63%
0.310 Djibouti
58%
0.369 Mozambique
56%
0.350 Yemen
56%
No matching quizzes found
Score Distribution
Percent of People with Each Score
Percentile by Number Answered
Your Score History
You have not taken this quiz